Relaciones de la vida y aventuras del escudero Marcos de Obregón / (Record no. 153961)

MARC details
000 -LEADER
campo de control de longitud fija 00974nam a22002175i 4500
001 - NÚMERO DE CONTROL
campo de control 153961
003 - IDENTIFICADOR DE NÚMERO DE CONTROL
campo de control ES-MaACL
005 - FECHA Y HORA DE LA ÚLTIMA TRANSACCIÓN
campo de control 20230906205443.0
008 - DATOS DE LONGITUD FIJA--INFORMACIÓN GENERAL
campo de control de longitud fija 970419s1868 sp |||| | spa d
080 ## - NÚMERO DE LA CLASIFICACIÓN DECIMAL UNIVERSAL
Número de la Clasificación Decimal Universal 821.134.2-31"15"
100 1# - ENTRADA PRINCIPAL--NOMBRE DE PERSONA
Nombre de persona Espinel, Vicente.
9 (RLIN) 47851
245 10 - MENCIÓN DEL TÍTULO
Título Relaciones de la vida y aventuras del escudero Marcos de Obregón /
Mención de responsabilidad, etc. escritas por el maestro Vicente Espinel ; precedidas de su biografía por J.C. y Ck.
260 ## - PUBLICACIÓN, DISTRIBUCIÓN, ETC.
Lugar de publicación, distribución, etc. Madrid :
Nombre del editor, distribuidor, etc. [s.n.],
Fecha de publicación, distribución, etc. 1868 (
Fabricante Imp. a cargo de Tomás Alonso)
300 ## - DESCRIPCIÓN FÍSICA
Extensión XVI, 381 p. ;
Dimensiones 20 cm.
490 1# - MENCIÓN DE SERIE
Mención de serie Biblioteca escogida. Tesoro de autores españoles ;
Designación de volumen o secuencia 2
700 1# - ENTRADA AGREGADA--NOMBRE PERSONAL
Nombre de persona Cuesta y Ckerner, Juan.
9 (RLIN) 42070
752 ## - ENTRADA AGREGADA--NOMBRE JERÁRQUICO DEL LUGAR
País o entidad superior España -
Ciudad Madrid
830 1# - PUNTO DE ACCESO ADICIONAL DE SERIE-TÍTULO UNIFORME
Título uniforme Biblioteca escogida. Tesoro de autores españoles ;
Designación de volumen o secuencia 2
9 (RLIN) 187898
852 4# - LOCALIZACIÓN
Ubicación ES-MaACL
Número de control de estantería D-1240
Nota libre - Enc. hol., conservando la cub. original
-- - Legado Modesto Lafuente
-- - Banderilla en pie de imp.: Madrid: Carlos Bailly-Baillière
Holdings
Estatus retirado Estado de pérdida Estado de daño No para préstamo Colección Biblioteca de origen Biblioteca actual Ubicación en estantería Fecha de adquisición Fuente de adquisición Total de préstamos Signatura topográfica completa Código de barras Visto por última vez Precio de reemplazo Tipo de ítem Koha
        Libros del s. XIX Biblioteca del Ateneo de Madrid Biblioteca del Ateneo de Madrid Sala Valle Inclán 17/01/2008     D-1240 901160971 23/02/2023 23/02/2023 Libro impreso antiguo